Lapuran penyiasatan tenaga buruh = Report of the labour force survey (Record no. 1674)

000 -LEADER
fixed length control field aas a22 a 4500
003 - CONTROL NUMBER IDENTIFIER
control field AKMAL
005 - DATE AND TIME OF LATEST TRANSACTION
control field 20170511122446.0
008 - FIXED-LENGTH DATA ELEMENTS--GENERAL INFORMATION
fixed length control field 170511p19709999my c s f0 may d
040 ## - CATALOGING SOURCE
Original cataloging agency AKMAL
082 04 - DEWEY DECIMAL CLASSIFICATION NUMBER
Classification number 331.1109595 LAP
090 01 - LOCALLY ASSIGNED LC-TYPE CALL NUMBER (OCLC); LOCAL CALL NUMBER (RLIN)
Classification number (OCLC) (R) ; Classification number, CALL (RLIN) (NR) 331.1109595
Local cutter number (OCLC) ; Book number/undivided call number, CALL (RLIN) LAP
245 00 - TITLE STATEMENT
Title Lapuran penyiasatan tenaga buruh = Report of the labour force survey
260 ## - PUBLICATION, DISTRIBUTION, ETC.
Place of publication, distribution, etc. Kuala Lumpur :
Name of publisher, distributor, etc. Jabatan Perangkaan
300 00 - PHYSICAL DESCRIPTION
Extent v. ;
Dimensions 29cm
362 00 - DATES OF PUBLICATION AND/OR SEQUENTIAL DESIGNATION
Dates of publication and/or sequential designation (April/Mei 1974)-
500 ## - GENERAL NOTE
General note Tahunan. - Teks Bahasa Malaysia dan Inggeris
500 ## - GENERAL NOTE
General note Judul bertukar kepada: Laporan penyiasatan tenaga buruh Malaysia
650 #0 - SUBJECT ADDED ENTRY--TOPICAL TERM
Topical term or geographic name entry element Labour supply
General subdivision Research
Geographic subdivision Malaysia
9 (RLIN) 3432
740 02 - ADDED ENTRY--UNCONTROLLED RELATED/ANALYTICAL TITLE
Uncontrolled related/analytical title Report of the labour force survey
785 ## - SUCCEEDING ENTRY
Title Laporan penyiasatan tenaga buruh Malaysia
942 ## - ADDED ENTRY ELEMENTS (KOHA)
Source of classification or shelving scheme
Koha item type Book
Holdings
Withdrawn status Lost status Source of classification or shelving scheme Damaged status Not for loan Collection code Home library Current library Shelving location Date acquired Inventory number Total Checkouts Full call number Barcode Date last seen Price effective from Koha item type
          NON-FICTION AKMAL Melaka AKMAL Melaka PINJAMAN 11.05.2017 303473   331.1109595 LAP 201705444 11.05.2017 11.05.2017 Book
Pusat Sumber Maklumat Dato' Haji Sarmin Md Hussin, Akademi Kastam Diraja Malaysia, Melaka
Tel: 06-2331106 | Faks: 06-2313787